| 000 | 00738cab a2200229 4500 | ||
|---|---|---|---|
| 001 | ABS39189 | ||
| 008 | 090401t1988 xxu||||| |||| 00| 0 eng d | ||
| 035 | _a(Sirsi) u14915 | ||
| 041 | _aeng | ||
| 110 |
_aTurnbull Jeffrey Partnership _92221 |
||
| 245 | _aForest design on computer | ||
| 260 | _c1988 | ||
| 350 | _a0 | ||
| 490 |
_aTimber Grower _vNo 107 May 1988, 34-35(2) |
||
| 520 | _aDescribes the merits of a computer aided design system which allows the user to see the visual impact of forestry planting schemes on a computer screen before actual planting is carried out. | ||
| 650 | _aDIGITAL TERRAIN MODELLING | ||
| 650 | _aLANDVU | ||
| 650 | _aTRETOP | ||
| 690 | _aRURAL PRACTICE | ||
| 942 | _n0 | ||
| 948 | _c04/03/1997 | ||
| 999 |
_c9738 _d9738 |
||